000 00596nam a2200181 a 4500
008 080109s1984 ||||||||||||||||| || u
020 _a0070553068
050 _aHD 31 Sch
100 _aSchleh, Edward C
245 1 0 _aHow to boost your return on management
260 _aNew York
_bMcGraw-Hill
_c1984
300 _ax, 231p.
350 _a0.00
500 _aIncludes index.
650 0 _aMANAGEMENT
650 0 _aINDUSTRIAL MANAGEMENT
995 _D0.00
_FCBU-MAIN LIBRARY (Kitwe)
_H1
_I15.95
_M1
_UAVAILABLE
_ZAnnex Low-Usage Collection
999 _c45787
_d45787